书目信息 |
| 题名: |
怎样指导高中学生进行数学总复习
|
|
| 作者: | ;北京教育学院教学研究部 编 | |
| 分册: | ||
| 出版信息: | 北京 北京出版社 1983 |
|
| 页数: | 282页 | |
| 开本: | 19cm | |
| 丛书名: | ||
| 单 册: | ||
| 中图分类: | G633.62 , G633.6 | |
| 科图分类: | ||
| 主题词: | 数学--高中--教学参考资料 , 教育--各级 | |
| 电子资源: | ||
| ISBN: | ||
| 000 | 00807nam0 2200265 45 | |
| 001 | 0183009459 | |
| 005 | 20040629153559.8 | |
| 010 | @dCNY0.77 | |
| 091 | @a7071.946, | |
| 100 | @a19950629d1983 em y0chiy0121 ea | |
| 101 | 0 | @achi |
| 102 | @aCN@b110000 | |
| 105 | @ay z 000yy | |
| 106 | @ar | |
| 200 | 10 | @a怎样指导高中学生进行数学总复习@Azen yang zhi dao gao zhong xue sheng jin xing shuo xue zong fu xi@f北京教育学院教学研究部编 |
| 210 | @a北京@c北京出版社@d1983 | |
| 215 | @a282页@d19cm | |
| 606 | @a数学@x高中@x教学参考资料 | |
| 606 | 0 | @a教育@x各级 |
| 690 | @aG633.62@v3 | |
| 690 | @aG633.6@v3 | |
| 711 | 02 | @a北京教育学院教学研究部@Abei jing jiao yu xue yuan jiao xue yan jiu bu@4编 |
| 801 | 0 | @aCN@b上海图书馆@c20040427 |
| 801 | 2 | @aCN@bNLC@c20040427 |
| 905 | @dG633.6@e91@f1@b138664 | |
| 怎样指导高中学生进行数学总复习/北京教育学院教学研究部编.-北京:北京出版社,1983 |
| 282页;19cm |
| ISBN :CNY0.77 |
| ● |
| 相关链接 |
|
|
|
|
正题名:怎样指导高中学生进行数学总复习
索取号:G633.6/91
 
预约/预借
| 序号 | 登录号 | 条形码 | 馆藏地/架位号 | 状态 | 备注 |
| 1 | 0138664 | 001936294 | 密集书库/ [索取号:G633.6/91] | 在馆 | |
| 2 | 0138665 | 000243640 | 密集书库/ [索取号:G633.6/91] | 在馆 | |
| 3 | 0138666 | 000243686 | 密集书库/ [索取号:G633.6/91] | 在馆 | |
| 4 | 0138668 | 000243659 | 第一样本阅览室/ [索取号:G633.6/91] | 在馆 |